000 00444nam a22001817a 4500
003 MPLRDC
005 20220104161012.0
008 210129b ||||| |||| 00| 0 eng d
020 _a7-80130-955-3
082 _a782.886 JJS-29
100 _a徐骏华
245 _a蒋介石成败录
_c
250 _a一版一刷
260 _a中国
_b团结出版社
_c2005
300 _b
650 _a蒋介石传记
942 _cBK
_o782.886 JJS-29
999 _c55273
_d55263